| 000 | 00482nam a2200145Ia 4500 | ||
|---|---|---|---|
| 008 | 170221s9999 xx 000 0 und d | ||
| 100 | _aMary Beth Holbrook | ||
| 245 | _aCorporate social responsibility and earnings response coefficients | ||
| 245 | _cMary Beth Holbrook, Eastern Kentucky University. | ||
| 260 | _bJournal of Management and Marketing Research | ||
| 260 | _c2014 | ||
| 300 | _a3 : 2 | ||
| 650 | _xBusiness | ||
| 856 | _uhttp://www.aabri.com/manuscripts/131589.pdf | ||
| 999 |
_c313215 _d313215 |
||